00319nam a2200109Ia 4500008004000000082001300040100001800053245006200071260003800133300000700171650003100178210210b1985 xxu||||| |||| 00| 0 eng d a344 MATL aMATHEW (P D). aLegal education series No.12: public interest litigation. aNDbIndian social institutec1985 a28 aPublic interest litigation